000 00237nam a2200097Ia 4500
001 644292
005 20250826153602.0
008 250824s9999 xx 000 0 und d
245 0 _aASIMIN NESLİ
_cMUSTAFA ARMAĞAN
260 _bTİMAŞ TARİH
999 _c644292
_d644292